ბათუმის შოთა რუსთაველის სახელმწიფო უნივერსიტეტის ბიბლიოთეკა

Алгебра и теория чисел. ч.ll Линейная алгебра и полиномы. (ბიბ.ჩანაწერი № 39168)

000 -LEADER
fixed length control field 00589nam a2200181Ia 4500
001 - CONTROL NUMBER
control field 5751
003 - CONTROL NUMBER IDENTIFIER
control field GE_BSU
008 - FIXED-LENGTH DATA ELEMENTS--GENERAL INFORMATION
fixed length control field 181216s||||||||xx |||||||||||||| ||und||
040 ## - CATALOGING SOURCE
Transcribing agency GE_BSU
100 ## - MAIN ENTRY--PERSONAL NAME
Personal name Ляпин, Е.С.и Евсеев, А.Е;
245 ## - TITLE STATEMENT
Title Алгебра и теория чисел. ч.ll Линейная алгебра и полиномы.
245 ## - TITLE STATEMENT
Remainder of title Учеб пособие для студ физ- мат фак-тов пед ин-тов
260 ## - PUBLICATION, DISTRIBUTION, ETC.
Place of publication, distribution, etc. Москва
260 ## - PUBLICATION, DISTRIBUTION, ETC.
Date of publication, distribution, etc. 1978
300 ## - PHYSICAL DESCRIPTION
Extent 446 с.
653 ## - INDEX TERM--UNCONTROLLED
Uncontrolled term Алгебра и теория
942 ## - ADDED ENTRY ELEMENTS (KOHA)
Koha item type წიგნი
ეგზემპლარები
Withdrawn status Lost status Damaged status Not for loan Date acquired Barcode Date last seen Price effective from Koha item type
        2018-12-17 16568 2018-12-17 2018-12-17 წიგნი
        2018-12-17 16569 2018-12-17 2018-12-17 წიგნი
        2018-12-17 16570 2018-12-17 2018-12-17 წიგნი